Acerca de la difícil relación entre violencia y resistencia /

La autora presenta reflexiones sobre las estrechas vinculaciones entre Estado, violencia y derecho, que han de servirle para interpretar algunas de las transformaciones de la política que vienen ocurriendo tanto en el centro como en la periferia del sistema capitalista mundial desde la década del se...

Fuld beskrivelse

Guardado en:
Bibliografiske detaljer
Hovedforfatter: Calverio, Pilar
Format: Texto
Fag:
Tags: Tilføj Tag
Ingen Tags, Vær først til at tagge denne postø!

MARC

LEADER 00000 a a2200000 04500
001 39965
003
040
100 |a Calverio, Pilar  
245 |a Acerca de la difícil relación entre violencia y resistencia /  |c Pilar Calverio 
520 |a La autora presenta reflexiones sobre las estrechas vinculaciones entre Estado, violencia y derecho, que han de servirle para interpretar algunas de las transformaciones de la política que vienen ocurriendo tanto en el centro como en la periferia del sistema capitalista mundial desde la década del setenta. Sus precisiones sobre las distintas modalidades de la violencia que pueden existir - en particular su planteamiento sobre la diferencia entre violencias "confrontacionales", dirigidas frontalmente contra el Estado, y violencias "resistentes"- resultan especialmente relevantes para comprender y contribuir con las estrategias de las luchas populares que se desarrollan hoy en América Latina, signadas por la búsqueda de una profundización democrática.  
590 |a RRA/JULIO2010  
650 |a 1.VIOLENCIA  
650 |a 2.HISTORIA POLITICA  
650 |a 3.AMERICA LATINA  
773 |g 23-46 páginas  
999 |c 34508  |d 34508